[Event "April 9 Early 2024"]
[Site "Chess.com"]
[Date "2024.04.09"]
[Round "7"]
[White "Semenova, Alina"]
[Black "Kuznecova, Marija"]
[Result "1-0"]
[Board "192"]
[WhiteFideId "24113875"]
[BlackFideId "11618736"]
[WhiteTitle "WFM"]
[BlackTitle "WCM"]
[WhiteElo "2164"]
[BlackElo "2431"]
[WhiteTeam "RUS"]
[BlackTeam "LAT"]
[WhiteClock "0:00:50"]
[BlackClock "0:00:14"]
[Variant "Standard"]

1. e4 {[%clk 0:03:00]}  c5 {[%clk 0:02:59]} 2. Nf3 {[%clk 0:02:59]}  d6 {[%clk 0:02:59]} 3. d4 {[%clk 0:03:00]}  cxd4 {[%clk 0:03:00]} 4. Nxd4 {[%clk 0:03:01]}  Nf6 {[%clk 0:03:00]} 5. Nc3 {[%clk 0:03:01]}  a6 {[%clk 0:03:00]} 6. Be3 {[%clk 0:03:00]}  e5 {[%clk 0:03:00]} 7. Nb3 {[%clk 0:03:00]}  Be7 {[%clk 0:03:01]} 8. f3 {[%clk 0:03:00]}  Be6 {[%clk 0:03:01]} 9. Qd2 {[%clk 0:03:00]}  O-O {[%clk 0:03:01]} 10. O-O-O {[%clk 0:02:59]}  a5 {[%clk 0:03:02]} 11. a4 {[%clk 0:02:58]}  Nc6 {[%clk 0:03:02]} 12. g4 {[%clk 0:02:45]}  Nb4 {[%clk 0:03:02]} 13. g5 {[%clk 0:02:43]}  Nh5 {[%clk 0:03:01]} 14. Nd5 {[%clk 0:02:39]}  Nxd5 {[%clk 0:02:22]} 15. exd5 {[%clk 0:02:40]}  Bf5 {[%clk 0:02:22]} 16. h4 {[%clk 0:02:35]}  Bd7 {[%clk 0:02:12]} 17. Bh3 {[%clk 0:02:04]}  Bxa4 {[%clk 0:02:07]} 18. Bg4 {[%clk 0:02:05]}  Qc7 {[%clk 0:01:57]} 19. Kb1 {[%clk 0:02:01]}  Ng3 {[%clk 0:01:23]} 20. Rhg1 {[%clk 0:01:54]}  Bxb3 {[%clk 0:01:21]} 21. cxb3 {[%clk 0:01:53]}  a4 {[%clk 0:01:21]} 22. b4 {[%clk 0:01:53]}  a3 {[%clk 0:01:21]} 23. b3 {[%clk 0:01:53]}  a2+ {[%clk 0:01:19]} 24. Ka1 {[%clk 0:01:53]}  f5 {[%clk 0:01:19]} 25. gxf6 {[%clk 0:01:46]}  Bxf6 {[%clk 0:01:19]} 26. Rxg3 {[%clk 0:01:46]}  Ra3 {[%clk 0:01:01]} 27. Be6+ {[%clk 0:01:42]}  Kh8 {[%clk 0:01:01]} 28. Qb2 {[%clk 0:01:20]}  Rfa8 {[%clk 0:00:38]} 29. Bg5 {[%clk 0:01:11]}  Bxg5 {[%clk 0:00:37]} 30. hxg5 {[%clk 0:01:12]}  Qb6 {[%clk 0:00:36]} 31. Rc1 {[%clk 0:00:59]}  Qxb4 {[%clk 0:00:32]} 32. f4 {[%clk 0:00:54]}  Qxf4 {[%clk 0:00:23]} 33. Rgc3 {[%clk 0:00:51]}  g6 {[%clk 0:00:15]} 34. Rc8+ {[%clk 0:00:51]}  Kg7 {[%clk 0:00:14]} 35. R1c7+ {[%clk 0:00:50]} 1-0

[Event "April 9 Early 2024"]
[Site "Chess.com"]
[Date "2024.04.09"]
[Round "7"]
[White "Szczepanek, Radoslaw"]
[Black "Donatti, Alvaro"]
[Result "1/2-1/2"]
[Board "193"]
[WhiteFideId "1120395"]
[BlackFideId "3000303"]
[WhiteTitle "CM"]
[WhiteElo "2426"]
[BlackElo "2163"]
[WhiteTeam "POL"]
[BlackTeam "URU"]
[WhiteClock "0:00:05"]
[BlackClock "0:00:20"]
[Variant "Standard"]

1. e4 {[%clk 0:03:00]}  c5 {[%clk 0:02:59]} 2. Nc3 {[%clk 0:03:00]}  Nc6 {[%clk 0:02:58]} 3. Bb5 {[%clk 0:03:00]}  Nd4 {[%clk 0:02:57]} 4. Nf3 {[%clk 0:03:00]}  Nxb5 {[%clk 0:02:56]} 5. Nxb5 {[%clk 0:03:01]}  a6 {[%clk 0:02:56]} 6. Nc3 {[%clk 0:03:01]}  b5 {[%clk 0:02:56]} 7. d4 {[%clk 0:03:01]}  cxd4 {[%clk 0:02:55]} 8. Qxd4 {[%clk 0:03:01]}  e6 {[%clk 0:02:54]} 9. Bf4 {[%clk 0:02:52]}  d6 {[%clk 0:02:37]} 10. O-O-O {[%clk 0:02:51]}  b4 {[%clk 0:02:35]} 11. Qxb4 {[%clk 0:02:29]}  Nf6 {[%clk 0:02:29]} 12. Bxd6 {[%clk 0:02:10]}  Bxd6 {[%clk 0:02:26]} 13. Rxd6 {[%clk 0:02:10]}  Qe7 {[%clk 0:02:25]} 14. Rhd1 {[%clk 0:01:58]}  O-O {[%clk 0:02:23]} 15. Ne5 {[%clk 0:01:52]}  Bb7 {[%clk 0:02:18]} 16. f3 {[%clk 0:01:38]}  Rab8 {[%clk 0:02:17]} 17. Qa4 {[%clk 0:01:35]}  Kh8 {[%clk 0:02:08]} 18. Nd7 {[%clk 0:01:34]}  Rfd8 {[%clk 0:02:01]} 19. e5 {[%clk 0:00:39]}  Nxd7 {[%clk 0:01:41]} 20. Rxd7 {[%clk 0:00:39]}  Rxd7 {[%clk 0:01:38]} 21. Qxd7 {[%clk 0:00:39]}  Qg5+ {[%clk 0:01:33]} 22. Kb1 {[%clk 0:00:37]}  Bd5 {[%clk 0:01:04]} 23. Nxd5 {[%clk 0:00:33]}  exd5 {[%clk 0:01:03]} 24. Qxd5 {[%clk 0:00:33]}  h5 {[%clk 0:00:58]} 25. Qd6 {[%clk 0:00:30]}  Rc8 {[%clk 0:00:54]} 26. Qxa6 {[%clk 0:00:26]}  Rg8 {[%clk 0:00:50]} 27. e6 {[%clk 0:00:23]}  fxe6 {[%clk 0:00:47]} 28. Qxe6 {[%clk 0:00:24]}  Qxg2 {[%clk 0:00:47]} 29. Qe4 {[%clk 0:00:12]}  Qxh2 {[%clk 0:00:46]} 30. f4 {[%clk 0:00:13]}  Qg3 {[%clk 0:00:43]} 31. Rh1 {[%clk 0:00:12]}  h4 {[%clk 0:00:42]} 32. Qe1 {[%clk 0:00:08]}  Qxe1+ {[%clk 0:00:38]} 33. Rxe1 {[%clk 0:00:09]}  Rf8 {[%clk 0:00:39]} 34. Rf1 {[%clk 0:00:07]}  h3 {[%clk 0:00:38]} 35. Rh1 {[%clk 0:00:07]}  Rxf4 {[%clk 0:00:36]} 36. Rxh3+ {[%clk 0:00:07]}  Kg8 {[%clk 0:00:35]} 37. b3 {[%clk 0:00:08]}  g5 {[%clk 0:00:35]} 38. Rg3 {[%clk 0:00:08]}  g4 {[%clk 0:00:35]} 39. Kb2 {[%clk 0:00:08]}  Kg7 {[%clk 0:00:36]} 40. a4 {[%clk 0:00:08]}  Kf6 {[%clk 0:00:36]} 41. a5 {[%clk 0:00:08]}  Kg5 {[%clk 0:00:37]} 42. a6 {[%clk 0:00:07]}  Kh4 {[%clk 0:00:37]} 43. Rc3 {[%clk 0:00:06]}  g3 {[%clk 0:00:36]} 44. Rc8 {[%clk 0:00:04]}  g2 {[%clk 0:00:36]} 45. Rg8 {[%clk 0:00:05]}  Rg4 {[%clk 0:00:31]} 46. Rxg4+ {[%clk 0:00:03]}  Kxg4 {[%clk 0:00:31]} 47. a7 {[%clk 0:00:04]}  g1=Q {[%clk 0:00:30]} 48. a8=Q {[%clk 0:00:05]}  Qd4+ {[%clk 0:00:30]} 49. Ka2 {[%clk 0:00:06]}  Qc3 {[%clk 0:00:29]} 50. Qa4+ {[%clk 0:00:06]}  Kf3 {[%clk 0:00:28]} 51. Qc4 {[%clk 0:00:04]}  Qa5+ {[%clk 0:00:26]} 52. Kb2 {[%clk 0:00:05]}  Ke3 {[%clk 0:00:24]} 53. Qd3+ {[%clk 0:00:05]}  Kf4 {[%clk 0:00:24]} 54. Qc3 {[%clk 0:00:04]}  Qb5 {[%clk 0:00:23]} 55. Qc4+ {[%clk 0:00:04]}  Qxc4 {[%clk 0:00:22]} 56. bxc4 {[%clk 0:00:05]}  Ke5 {[%clk 0:00:21]} 57. Kc3 {[%clk 0:00:06]}  Kd6 {[%clk 0:00:22]} 58. Kb4 {[%clk 0:00:06]}  Kc6 {[%clk 0:00:22]} 59. c3 {[%clk 0:00:07]}  Kb6 {[%clk 0:00:22]} 60. c5+ {[%clk 0:00:07]}  Kc6 {[%clk 0:00:21]} 61. c4 {[%clk 0:00:08]}  Kc7 {[%clk 0:00:20]} 62. Kb5 {[%clk 0:00:07]}  Kb7 {[%clk 0:00:20]} 63. c6+ {[%clk 0:00:07]}  Kc7 {[%clk 0:00:21]} 64. Kc5 {[%clk 0:00:07]}  Kc8 {[%clk 0:00:20]} 65. Kd6 {[%clk 0:00:07]}  Kd8 {[%clk 0:00:20]} 66. c7+ {[%clk 0:00:04]}  Kc8 {[%clk 0:00:20]} 67. c5 {[%clk 0:00:04]}  Kb7 {[%clk 0:00:20]} 68. Kd7 {[%clk 0:00:05]}  Ka7 {[%clk 0:00:20]} 69. c8=Q {[%clk 0:00:05]} 1/2-1/2

[Event "April 9 Early 2024"]
[Site "Chess.com"]
[Date "2024.04.09"]
[Round "7"]
[White "Erden, Kadir"]
[Black "Pirvulescu, Ekaterina"]
[Result "0-1"]
[Board "194"]
[WhiteFideId "6305776"]
[BlackFideId "13506374"]
[WhiteTitle "FM"]
[BlackTitle "WFM"]
[WhiteElo "2410"]
[BlackElo "2159"]
[WhiteTeam "TUR"]
[BlackTeam "ROU"]
[WhiteClock "0:00:14"]
[BlackClock "0:00:20"]
[Variant "Standard"]

1. e4 {[%clk 0:03:00]}  Nf6 {[%clk 0:02:56]} 2. e5 {[%clk 0:03:00]}  Nd5 {[%clk 0:02:54]} 3. d4 {[%clk 0:03:01]}  d6 {[%clk 0:02:54]} 4. Nf3 {[%clk 0:03:01]}  g6 {[%clk 0:02:52]} 5. Be2 {[%clk 0:03:00]}  Bg7 {[%clk 0:02:52]} 6. O-O {[%clk 0:03:01]}  O-O {[%clk 0:02:52]} 7. c4 {[%clk 0:02:59]}  Nb6 {[%clk 0:02:52]} 8. exd6 {[%clk 0:02:59]}  cxd6 {[%clk 0:02:52]} 9. Nc3 {[%clk 0:03:00]}  Bg4 {[%clk 0:02:45]} 10. Be3 {[%clk 0:02:53]}  d5 {[%clk 0:02:44]} 11. c5 {[%clk 0:02:46]}  Nc8 {[%clk 0:02:44]} 12. h3 {[%clk 0:02:30]}  Bxf3 {[%clk 0:02:43]} 13. Bxf3 {[%clk 0:02:31]}  e6 {[%clk 0:02:43]} 14. b4 {[%clk 0:02:28]}  a6 {[%clk 0:02:43]} 15. a4 {[%clk 0:02:26]}  Nc6 {[%clk 0:02:34]} 16. Rb1 {[%clk 0:02:22]}  N8e7 {[%clk 0:02:33]} 17. b5 {[%clk 0:02:05]}  axb5 {[%clk 0:02:32]} 18. axb5 {[%clk 0:02:05]}  Na5 {[%clk 0:02:33]} 19. Qd3 {[%clk 0:01:39]}  Nc4 {[%clk 0:02:30]} 20. Bg5 {[%clk 0:01:36]}  Qd7 {[%clk 0:02:25]} 21. Bxe7 {[%clk 0:01:30]}  Qxe7 {[%clk 0:02:24]} 22. Bxd5 {[%clk 0:01:24]}  exd5 {[%clk 0:02:10]} 23. Nxd5 {[%clk 0:01:25]}  Qg5 {[%clk 0:02:03]} 24. Qxc4 {[%clk 0:01:22]}  Rad8 {[%clk 0:02:02]} 25. Rfe1 {[%clk 0:01:20]}  Qxd5 {[%clk 0:01:59]} 26. Qxd5 {[%clk 0:01:19]}  Rxd5 {[%clk 0:01:59]} 27. Re7 {[%clk 0:01:18]}  Bxd4 {[%clk 0:01:53]} 28. c6 {[%clk 0:01:15]}  bxc6 {[%clk 0:01:48]} 29. bxc6 {[%clk 0:01:14]}  Bf6 {[%clk 0:01:37]} 30. Ra7 {[%clk 0:00:56]}  Rc5 {[%clk 0:01:23]} 31. c7 {[%clk 0:00:42]}  Rc8 {[%clk 0:01:17]} 32. Rb8 {[%clk 0:00:32]}  Rxc7 {[%clk 0:01:16]} 33. Rxc7 {[%clk 0:00:22]}  Rxb8 {[%clk 0:01:14]} 34. g4 {[%clk 0:00:23]}  h6 {[%clk 0:01:11]} 35. Kg2 {[%clk 0:00:23]}  Kg7 {[%clk 0:01:11]} 36. Rc6 {[%clk 0:00:23]}  Rb3 {[%clk 0:01:10]} 37. Rc4 {[%clk 0:00:23]}  Rc3 {[%clk 0:01:08]} 38. Re4 {[%clk 0:00:23]}  Rc2 {[%clk 0:01:08]} 39. Kg3 {[%clk 0:00:23]}  g5 {[%clk 0:00:59]} 40. f4 {[%clk 0:00:20]}  Rc3+ {[%clk 0:00:58]} 41. Kg2 {[%clk 0:00:21]}  gxf4 {[%clk 0:00:57]} 42. Rxf4 {[%clk 0:00:21]}  Bg5 {[%clk 0:00:57]} 43. Rf5 {[%clk 0:00:21]}  Kg6 {[%clk 0:00:55]} 44. Rf1 {[%clk 0:00:21]}  Bh4 {[%clk 0:00:52]} 45. Rf5 {[%clk 0:00:17]}  Rg3+ {[%clk 0:00:52]} 46. Kh2 {[%clk 0:00:17]}  Rb3 {[%clk 0:00:51]} 47. Kg2 {[%clk 0:00:17]}  Rb2+ {[%clk 0:00:51]} 48. Kg1 {[%clk 0:00:17]}  f6 {[%clk 0:00:47]} 49. Rf3 {[%clk 0:00:16]}  Bg5 {[%clk 0:00:44]} 50. Kh1 {[%clk 0:00:14]}  Bh4 {[%clk 0:00:37]} 51. Rf5 {[%clk 0:00:14]}  Bg3 {[%clk 0:00:30]} 52. Rf3 {[%clk 0:00:12]}  Be5 {[%clk 0:00:28]} 53. Kg1 {[%clk 0:00:10]}  Kg5 {[%clk 0:00:25]} 54. Rf5+ {[%clk 0:00:09]}  Kh4 {[%clk 0:00:25]} 55. Rh5+ {[%clk 0:00:06]}  Kg3 {[%clk 0:00:24]} 56. Kf1 {[%clk 0:00:07]}  Bf4 {[%clk 0:00:20]} 57. Ke1 {[%clk 0:00:05]}  Bg5 {[%clk 0:00:20]} 58. h4 {[%clk 0:00:01]}  Kxg4 {[%clk 0:00:20]} 59. hxg5 {[%clk 0:00:01]}  Kxh5 {[%clk 0:00:20]} 60. gxf6 {[%clk 0:00:01]}  Rb6 {[%clk 0:00:19]} 61. f7 {[%clk 0:00:01]}  Rf6 {[%clk 0:00:20]} 62. Ke2 {[%clk 0:00:02]}  Rxf7 {[%clk 0:00:20]} 63. Ke3 {[%clk 0:00:02]}  Kg4 {[%clk 0:00:21]} 64. Ke4 {[%clk 0:00:03]}  h5 {[%clk 0:00:21]} 65. Ke5 {[%clk 0:00:04]}  h4 {[%clk 0:00:21]} 66. Ke6 {[%clk 0:00:05]}  Rf1 {[%clk 0:00:21]} 67. Ke5 {[%clk 0:00:06]}  h3 {[%clk 0:00:21]} 68. Ke4 {[%clk 0:00:07]}  h2 {[%clk 0:00:22]} 69. Ke3 {[%clk 0:00:08]}  h1=Q {[%clk 0:00:22]} 70. Ke2 {[%clk 0:00:09]}  Re1+ {[%clk 0:00:22]} 71. Kd3 {[%clk 0:00:10]}  Qf1+ {[%clk 0:00:22]} 72. Kc3 {[%clk 0:00:10]}  Qf8 {[%clk 0:00:21]} 73. Kd4 {[%clk 0:00:11]}  Qd8+ {[%clk 0:00:21]} 74. Kc5 {[%clk 0:00:12]}  Rc1+ {[%clk 0:00:20]} 75. Kb5 {[%clk 0:00:13]}  Qb8+ {[%clk 0:00:21]} 76. Ka6 {[%clk 0:00:14]}  Ra1# {[%clk 0:00:20]} 0-1

[Event "April 9 Early 2024"]
[Site "Chess.com"]
[Date "2024.04.09"]
[Round "7"]
[White "Labussiere, Yago"]
[Black "Mende, Andreas"]
[Result "1-0"]
[Board "197"]
[WhiteFideId "2186969"]
[BlackFideId "4631102"]
[BlackTitle "CM"]
[WhiteElo "2397"]
[BlackElo "2018"]
[WhiteTeam "BRA"]
[BlackTeam "GER"]
[WhiteClock "0:00:12"]
[BlackClock "0:01:09"]
[Variant "Standard"]

1. Nf3 {[%clk 0:02:53]}  Nf6 {[%clk 0:02:58]} 2. g3 {[%clk 0:02:47]}  g6 {[%clk 0:02:58]} 3. Bg2 {[%clk 0:02:48]}  Bg7 {[%clk 0:02:58]} 4. O-O {[%clk 0:02:45]}  d5 {[%clk 0:02:58]} 5. d4 {[%clk 0:02:44]}  O-O {[%clk 0:02:58]} 6. c4 {[%clk 0:02:44]}  dxc4 {[%clk 0:02:58]} 7. Na3 {[%clk 0:02:37]}  c3 {[%clk 0:02:57]} 8. bxc3 {[%clk 0:02:36]}  c5 {[%clk 0:02:57]} 9. Nc4 {[%clk 0:02:04]}  Nd5 {[%clk 0:02:52]} 10. Qb3 {[%clk 0:02:02]}  Nc6 {[%clk 0:02:47]} 11. Rd1 {[%clk 0:01:55]}  Rb8 {[%clk 0:02:28]} 12. e4 {[%clk 0:01:49]}  Nb6 {[%clk 0:02:23]} 13. d5 {[%clk 0:01:01]}  Nxc4 {[%clk 0:01:58]} 14. dxc6 {[%clk 0:01:01]}  Na5 {[%clk 0:01:57]} 15. Rxd8 {[%clk 0:01:00]}  Nxb3 {[%clk 0:01:56]} 16. Rxf8+ {[%clk 0:01:00]}  Kxf8 {[%clk 0:01:55]} 17. c7 {[%clk 0:00:57]}  Ra8 {[%clk 0:01:52]} 18. axb3 {[%clk 0:00:57]}  Bxc3 {[%clk 0:01:51]} 19. Ra2 {[%clk 0:00:53]}  Be6 {[%clk 0:01:50]} 20. Rc2 {[%clk 0:00:35]}  Bb4 {[%clk 0:01:48]} 21. Bd2 {[%clk 0:00:23]}  Bxb3 {[%clk 0:01:45]} 22. Rb2 {[%clk 0:00:23]}  Bxd2 {[%clk 0:01:43]} 23. Nxd2 {[%clk 0:00:23]}  c4 {[%clk 0:01:31]} 24. Nxb3 {[%clk 0:00:23]}  cxb3 {[%clk 0:01:29]} 25. Rxb3 {[%clk 0:00:19]}  Rc8 {[%clk 0:01:25]} 26. Rxb7 {[%clk 0:00:19]}  a5 {[%clk 0:01:25]} 27. Ra7 {[%clk 0:00:19]}  a4 {[%clk 0:01:24]} 28. Bf1 {[%clk 0:00:09]}  a3 {[%clk 0:01:19]} 29. Ba6 {[%clk 0:00:07]}  a2 {[%clk 0:01:16]} 30. Bxc8 {[%clk 0:00:07]}  f5 {[%clk 0:01:13]} 31. Rxa2 {[%clk 0:00:06]}  fxe4 {[%clk 0:01:13]} 32. Be6 {[%clk 0:00:07]}  Kg7 {[%clk 0:01:13]} 33. c8=Q {[%clk 0:00:08]}  Kf6 {[%clk 0:01:14]} 34. Bh3 {[%clk 0:00:07]}  Ke5 {[%clk 0:01:14]} 35. Qe6+ {[%clk 0:00:08]}  Kd4 {[%clk 0:01:14]} 36. Re2 {[%clk 0:00:09]}  Kd3 {[%clk 0:01:14]} 37. Qxe4+ {[%clk 0:00:09]}  Kc3 {[%clk 0:01:14]} 38. Re3+ {[%clk 0:00:09]}  Kb2 {[%clk 0:01:13]} 39. Qd3 {[%clk 0:00:10]}  Ka1 {[%clk 0:01:13]} 40. Re2 {[%clk 0:00:11]}  e5 {[%clk 0:01:09]} 41. Qd1# {[%clk 0:00:12]} 1-0

[Event "April 9 Early 2024"]
[Site "Chess.com"]
[Date "2024.04.09"]
[Round "7"]
[White "Skaric, Djuro"]
[Black "Halsagar Chincholimath"]
[Result "1-0"]
[Board "198"]
[WhiteFideId "934569"]
[BlackFideId "5022487"]
[WhiteTitle "FM"]
[BlackTitle "CM"]
[WhiteElo "2395"]
[BlackElo "1995"]
[WhiteTeam "SRB"]
[BlackTeam "IND"]
[WhiteClock "0:01:55"]
[BlackClock "0:00:22"]
[Variant "Standard"]

1. g3 {[%clk 0:03:00]}  d5 {[%clk 0:02:59]} 2. Bg2 {[%clk 0:03:01]}  c6 {[%clk 0:02:59]} 3. d3 {[%clk 0:03:02]}  Nf6 {[%clk 0:02:58]} 4. Nf3 {[%clk 0:03:02]}  Nbd7 {[%clk 0:02:56]} 5. O-O {[%clk 0:03:03]}  e5 {[%clk 0:02:54]} 6. h3 {[%clk 0:03:03]}  Bd6 {[%clk 0:02:48]} 7. Nc3 {[%clk 0:03:03]}  d4 {[%clk 0:02:45]} 8. Ne4 {[%clk 0:03:02]}  Nxe4 {[%clk 0:02:44]} 9. dxe4 {[%clk 0:03:03]}  O-O {[%clk 0:02:44]} 10. Ne1 {[%clk 0:03:04]}  Nc5 {[%clk 0:02:40]} 11. Nd3 {[%clk 0:03:03]}  Ne6 {[%clk 0:02:29]} 12. f4 {[%clk 0:03:03]}  exf4 {[%clk 0:02:25]} 13. gxf4 {[%clk 0:03:00]}  Qh4 {[%clk 0:02:18]} 14. e5 {[%clk 0:02:55]}  Bc7 {[%clk 0:02:10]} 15. Bd2 {[%clk 0:02:55]}  f6 {[%clk 0:02:08]} 16. Be1 {[%clk 0:02:53]}  Qh6 {[%clk 0:02:04]} 17. Bg3 {[%clk 0:02:50]}  fxe5 {[%clk 0:02:00]} 18. Nxe5 {[%clk 0:02:41]}  Bxe5 {[%clk 0:01:49]} 19. fxe5 {[%clk 0:02:41]}  Rxf1+ {[%clk 0:01:46]} 20. Qxf1 {[%clk 0:02:39]}  Bd7 {[%clk 0:01:44]} 21. Qf5 {[%clk 0:02:31]}  Rf8 {[%clk 0:01:38]} 22. Qg4 {[%clk 0:02:31]}  Qe3+ {[%clk 0:01:36]} 23. Kh2 {[%clk 0:02:31]}  Rf7 {[%clk 0:01:17]} 24. Rg1 {[%clk 0:02:28]}  Nf4 {[%clk 0:01:14]} 25. Bxf4 {[%clk 0:02:27]}  Qxg1+ {[%clk 0:01:06]} 26. Kxg1 {[%clk 0:02:23]}  Bxg4 {[%clk 0:01:06]} 27. Bg5 {[%clk 0:02:12]}  Bxe2 {[%clk 0:01:04]} 28. e6 {[%clk 0:02:12]}  Rf5 {[%clk 0:00:55]} 29. Bd8 {[%clk 0:02:06]}  Bc4 {[%clk 0:00:49]} 30. e7 {[%clk 0:02:06]}  Kf7 {[%clk 0:00:49]} 31. Be4 {[%clk 0:02:04]}  Rf4 {[%clk 0:00:45]} 32. Bxh7 {[%clk 0:02:00]}  g6 {[%clk 0:00:31]} 33. Bg8+ {[%clk 0:01:58]}  Ke8 {[%clk 0:00:29]} 34. Bxc4 {[%clk 0:01:57]}  g5 {[%clk 0:00:26]} 35. Bd3 {[%clk 0:01:57]}  g4 {[%clk 0:00:22]} 36. Bg6+ {[%clk 0:01:55]} 1-0

[Event "April 9 Early 2024"]
[Site "Chess.com"]
[Date "2024.04.10"]
[Round "7"]
[White "Korol, Dimitry"]
[Black "Vrashank Chouhan"]
[Result "0-1"]
[Board "200"]
[WhiteFideId "14108003"]
[BlackFideId "25944240"]
[BlackTitle "FM"]
[WhiteElo "2314"]
[BlackElo "2406"]
[WhiteTeam "UKR"]
[BlackTeam "IND"]
[WhiteClock "0:00:00"]
[BlackClock "0:01:44"]
[Variant "Standard"]

1. d4 {[%clk 0:03:00]}  Nf6 {[%clk 0:02:59]} 2. c4 {[%clk 0:03:01]}  e6 {[%clk 0:02:59]} 3. Nc3 {[%clk 0:03:01]}  d5 {[%clk 0:03:00]} 4. Bg5 {[%clk 0:03:01]}  c5 {[%clk 0:02:59]} 5. cxd5 {[%clk 0:03:00]}  exd5 {[%clk 0:03:00]} 6. Nf3 {[%clk 0:02:59]}  Nc6 {[%clk 0:02:59]} 7. g3 {[%clk 0:02:57]}  Be6 {[%clk 0:02:59]} 8. Bg2 {[%clk 0:02:57]}  h6 {[%clk 0:02:59]} 9. Bxf6 {[%clk 0:02:22]}  Qxf6 {[%clk 0:03:00]} 10. dxc5 {[%clk 0:02:13]}  Bxc5 {[%clk 0:02:58]} 11. O-O {[%clk 0:02:12]}  Rd8 {[%clk 0:02:57]} 12. Rc1 {[%clk 0:02:04]}  Be7 {[%clk 0:02:56]} 13. Qa4 {[%clk 0:01:32]}  O-O {[%clk 0:02:56]} 14. Rfd1 {[%clk 0:01:23]}  a6 {[%clk 0:02:56]} 15. h3 {[%clk 0:00:55]}  Qg6 {[%clk 0:02:53]} 16. Nd4 {[%clk 0:00:35]}  Ne5 {[%clk 0:02:20]} 17. e3 {[%clk 0:00:19]}  Nc4 {[%clk 0:02:20]} 18. Qb3 {[%clk 0:00:16]}  b5 {[%clk 0:02:18]} 19. a3 {[%clk 0:00:15]}  Bf6 {[%clk 0:02:13]} 20. Kh2 {[%clk 0:00:12]}  Be5 {[%clk 0:02:08]} 21. Qc2 {[%clk 0:00:11]}  Nxe3 {[%clk 0:02:02]} 22. Qxg6 {[%clk 0:00:07]}  fxg6 {[%clk 0:01:56]} 23. fxe3 {[%clk 0:00:08]}  Bf7 {[%clk 0:01:54]} 24. Rf1 {[%clk 0:00:07]}  h5 {[%clk 0:01:49]} 25. h4 {[%clk 0:00:06]}  g5 {[%clk 0:01:48]} 26. Kh1 {[%clk 0:00:03]}  Bxg3 {[%clk 0:01:48]} 27. hxg5 {[%clk 0:00:03]}  Rfe8 {[%clk 0:01:46]} 28. Rf3 {[%clk 0:00:02]}  h4 {[%clk 0:01:46]} 29. Nf5 {[%clk 0:00:00]}  Bh5 {[%clk 0:01:44]} 0-1

[Event "April 9 Early 2024"]
[Site "Chess.com"]
[Date "2024.04.09"]
[Round "7"]
[White "Schoenfeld, Gabriel"]
[Black "Mikhailova, Irina"]
[Result "1-0"]
[Board "205"]
[WhiteFideId "30912636"]
[BlackFideId "4109040"]
[BlackTitle "WGM"]
[WhiteElo "2034"]
[BlackElo "2325"]
[WhiteTeam "USA"]
[BlackTeam "RUS"]
[WhiteClock "0:00:38"]
[BlackClock "0:00:00"]
[Variant "Standard"]

1. e4 {[%clk 0:02:58]}  c5 {[%clk 0:03:00]} 2. Nc3 {[%clk 0:02:56]}  Nc6 {[%clk 0:03:00]} 3. Nf3 {[%clk 0:02:56]}  d6 {[%clk 0:02:59]} 4. g3 {[%clk 0:02:55]}  g6 {[%clk 0:02:55]} 5. Bg2 {[%clk 0:02:55]}  Bg7 {[%clk 0:02:55]} 6. O-O {[%clk 0:02:54]}  e6 {[%clk 0:02:56]} 7. d3 {[%clk 0:02:54]}  Nge7 {[%clk 0:02:56]} 8. Be3 {[%clk 0:02:50]}  Nd4 {[%clk 0:02:57]} 9. Nd2 {[%clk 0:02:39]}  O-O {[%clk 0:02:55]} 10. f4 {[%clk 0:02:38]}  Nec6 {[%clk 0:02:44]} 11. a3 {[%clk 0:02:26]}  f5 {[%clk 0:02:42]} 12. exf5 {[%clk 0:02:16]}  gxf5 {[%clk 0:02:42]} 13. Rb1 {[%clk 0:02:10]}  a5 {[%clk 0:02:27]} 14. Ne2 {[%clk 0:02:09]}  Bd7 {[%clk 0:02:22]} 15. c3 {[%clk 0:02:07]}  Nxe2+ {[%clk 0:02:12]} 16. Qxe2 {[%clk 0:02:07]}  Qf6 {[%clk 0:01:56]} 17. Nc4 {[%clk 0:02:03]}  Qe7 {[%clk 0:01:52]} 18. Nb6 {[%clk 0:01:58]}  Rae8 {[%clk 0:01:45]} 19. Nxd7 {[%clk 0:01:56]}  Qxd7 {[%clk 0:01:46]} 20. Rbd1 {[%clk 0:01:53]}  e5 {[%clk 0:01:40]} 21. fxe5 {[%clk 0:01:50]}  Nxe5 {[%clk 0:01:38]} 22. Qd2 {[%clk 0:01:38]}  Ng4 {[%clk 0:01:13]} 23. Bf4 {[%clk 0:01:34]}  Re7 {[%clk 0:01:13]} 24. Rde1 {[%clk 0:01:24]}  Rfe8 {[%clk 0:01:13]} 25. Rxe7 {[%clk 0:01:23]}  Rxe7 {[%clk 0:01:02]} 26. Re1 {[%clk 0:01:20]}  Be5 {[%clk 0:00:55]} 27. Bg5 {[%clk 0:01:09]}  Re8 {[%clk 0:00:29]} 28. h3 {[%clk 0:01:04]}  Nf6 {[%clk 0:00:12]} 29. Rxe5 {[%clk 0:01:03]}  dxe5 {[%clk 0:00:10]} 30. Bxf6 {[%clk 0:01:03]}  Kf7 {[%clk 0:00:08]} 31. Bg5 {[%clk 0:00:55]}  Kg6 {[%clk 0:00:07]} 32. Be3 {[%clk 0:00:53]}  e4 {[%clk 0:00:06]} 33. dxe4 {[%clk 0:00:52]}  Qxd2 {[%clk 0:00:06]} 34. exf5+ {[%clk 0:00:51]}  Kxf5 {[%clk 0:00:06]} 35. Bxd2 {[%clk 0:00:51]}  b5 {[%clk 0:00:06]} 36. Kf2 {[%clk 0:00:49]}  Rd8 {[%clk 0:00:03]} 37. Be3 {[%clk 0:00:45]}  c4 {[%clk 0:00:02]} 38. Bc6 {[%clk 0:00:41]}  Rb8 {[%clk 0:00:01]} 39. Bf4 {[%clk 0:00:39]}  Rb6 {[%clk 0:00:00]} 40. Bd7+ {[%clk 0:00:38]} 1-0